[Event "British Chess Championships 2023: Weekend Tournament Atkins"]
[Site "The Venue, De Montfort University, 20 Western Boulevard, Leicester, LE2 7BU"]
[Date "2023.07.22"]
[Round "2"]
[Board "17"]
[White "Homer, Stephen J"]
[Black "Dunne, Thomas Junior"]
[Result "1-0"]
[WhiteElo "2062"]
[BlackElo "1903"]
[PlyCount "0"]
[EventDate "2023.07.21"]
[EventRounds "5"]
[EventCountry "ENG"]

1. e4 c5 2. Nf3 e6 3. d4 cxd4 4. Nxd4 a6 5. Bd3 Nc6 6. Nb3 Qc7 7. f4 Nb4 8. Nc3 Nxd3+
9. cxd3 Bb4 10. O-O Bxc3 11. bxc3 Qxc3 12. Ba3 Ne7 13. Rc1 Qf6 14. d4 d5 15. e5 Qg6
16. Rc7 Nf5 17. Qc1 Bd7 18. Na5 b6 19. Rxd7 bxa5 20. Qc6 Ne3 21. Ra7+  1-0

[Event "British Chess Championships 2023: Weekend Tournament Atkins"]
[Site "The Venue, De Montfort University, 20 Western Boulevard, Leicester, LE2 7BU"]
[Date "2023.07.22"]
[Round "2"]
[Board "18"]
[White "Zhu, Yaoyao"]
[Black "Cockell, Owen"]
[Result "1-0"]
[WhiteElo "2059"]
[BlackElo "1577"]
[PlyCount "0"]
[EventDate "2023.07.21"]
[EventRounds "5"]
[EventCountry "ENG"]

1. e4 c6 2. d4 d5 3. exd5 cxd5 4. Bd3 Nf6 5. h3 Nc6 6. c3 Bd7 7. Bf4 e6 8. Nf3 Be7
9. O-O Qb6 10. Qe2 O-O 11. a4 a5 12. Na3 Na7 13. Bc2 Bd6 14. Ne5 h6 15. Nac4 Qa6
16. Nxd7 Bxf4 17. Qd3 g6 18. Nxf6+ Kg7 19. Qf3 Bg5 20. Nd7 Qxc4 21. Nc5 e5 22. Bb3
 1-0

[Event "British Chess Championships 2023: Weekend Tournament Atkins"]
[Site "The Venue, De Montfort University, 20 Western Boulevard, Leicester, LE2 7BU"]
[Date "2023.07.22"]
[Round "2"]
[Board "19"]
[White "Sachdeva, Ronit"]
[Black "Munshi, Aryan"]
[Result "0-1"]
[WhiteElo "2026"]
[BlackElo "1454"]
[PlyCount "0"]
[EventDate "2023.07.21"]
[EventRounds "5"]
[EventCountry "ENG"]

1. d4 d5 2. Nf3 Nf6 3. e3 e6 4. Bd3 c5 5. b3 Be7 6. Bb2 O-O 7. O-O b6 8. Nbd2 Nc6
9. Ne5 Nb4 10. Be2 cxd4 11. exd4 Nd7 12. a3 Nxe5 13. dxe5 Nc6 14. Bd3 Re8 15. f4
g6 16. Nf3 Bb7 17. b4 Bf8 18. Nd4 Nxd4 19. Bxd4 Rc8 20. Qg4 Bg7 21. h4 Qd7 22. h5
Rc7 23. Qe2 Qe7 24. Rf3 Bc8 25. Rh3 f5 26. hxg6 hxg6 27. Kf2 Kf7 28. Rah1 Bd7 29.
Rg3 Rh8 30. Rxh8 Bxh8 31. Rh3 Bg7 32. g4 Rc8 33. gxf5 exf5 34. c3 Rh8 35. Rxh8 Bxh8
36. Kg3 Bg7 37. Bb5 Be6 38. a4 Kg8 39. Qh2 Qd8 40. Qh4 Qc7 41. Qg5 Kf7 42. Be8+ Kxe8
43. Qxg6+ Qf7 44. Qxf7+ Kxf7 45. a5 bxa5 46. bxa5 a6 47. Kf2 Kg6 48. Kf3 Bf8 49.
Bb6 Be7 50. Ke3 Kf7 51. Kd3 Ke8 52. Kd4 Kd7 53. Ke3 Kc6 54. Kd4 Kb5 55. Bc7 Bc5+
56. Kd3 Kc6 57. Bd8 Kd7 58. Bh4 Be7 59. Bxe7 Kxe7 60. Kd4 Kd7 61. Kc5 Kc7 62. Kb4
Kc6 63. Ka4 Kc5  0-1

[Event "British Chess Championships 2023: Weekend Tournament Atkins"]
[Site "The Venue, De Montfort University, 20 Western Boulevard, Leicester, LE2 7BU"]
[Date "2023.07.22"]
[Round "2"]
[Board "20"]
[White "Rich, Ben S"]
[Black "Gopakumar, Siddharth"]
[Result "0-1"]
[WhiteElo "1951"]
[BlackElo "2017"]
[PlyCount "0"]
[EventDate "2023.07.21"]
[EventRounds "5"]
[EventCountry "ENG"]

1. a3 d5 2. c4 d4 3. b4 e5 4. d3 c5 5. bxc5 Bxc5 6. Nf3 Nc6 7. g3 h6 8. Bg2 Nge7
9. O-O O-O 10. Nbd2 Bf5 11. Rb1 Rb8 12. Nb3 Bb6 13. Nfd2 Bg6 14. Qc2 f5 15. f4 e4
16. Kh1 Bh5 17. Re1 e3 18. Nf3 Bxf3 19. Bxf3 g5 20. Rg1 Kh7 21. Bb2 gxf4 22. gxf4
Bc7 23. Rbf1 Qd6 24. c5 Qxf4 25. Rg2 Rg8 26. Rfg1 Rxg2  0-1

[Event "British Chess Championships 2023: Weekend Tournament Atkins"]
[Site "The Venue, De Montfort University, 20 Western Boulevard, Leicester, LE2 7BU"]
[Date "2023.07.22"]
[Round "2"]
[Board "21"]
[White "Ortiz Sanchez, Luis"]
[Black "Dargan, Paul A G"]
[Result "1/2-1/2"]
[WhiteElo "2007"]
[BlackElo "2091"]
[PlyCount "0"]
[EventDate "2023.07.21"]
[EventRounds "5"]
[EventCountry "ENG"]

1. e4 c5 2. c3 d5 3. exd5 Qxd5 4. d4 Nc6 5. Nf3 e5 6. dxe5 Qxd1+ 7. Kxd1 Bg4 8. Bf4
Nge7 9. h3 Bxf3+ 10. gxf3 Ng6 11. Be3 Ngxe5 12. Nd2 O-O-O 13. Kc2 f5 14. f4 Nd7 15.
Rd1 Be7 16. Bc4 Kc7 17. Nf3 Nb6 18. Be6 g6 19. Ne5 Rhe8 20. Bf7 Rf8 21. Nxc6 Kxc6
22. Rxd8 Bxd8 23. Rd1 Bc7 24. Be6 Re8 25. Bf7 Re4 26. a4 a5 27. Bg8 Bxf4 28. Bxh7
Bxe3 29. fxe3 Rxe3 30. Bxg6 Rxh3 31. Bxf5 Rh2+ 32. Kb3 c4+ 33. Ka3 Re2 34. Bg4 Rf2
35. Be6 Re2  1/2-1/2

[Event "British Chess Championships 2023: Weekend Tournament Atkins"]
[Site "The Venue, De Montfort University, 20 Western Boulevard, Leicester, LE2 7BU"]
[Date "2023.07.22"]
[Round "2"]
[Board "22"]
[White "Nawalaniec, Adam"]
[Black "Rich, Aaron"]
[Result "1-0"]
[WhiteElo "2148"]
[BlackElo "1965"]
[PlyCount "0"]
[EventDate "2023.07.21"]
[EventRounds "5"]
[EventCountry "ENG"]

1. e4 c5 2. Nf3 Nc6 3. d4 cxd4 4. Nxd4 g6 5. c4 Bg7 6. Be3 Nf6 7. Nc3 Ng4 8. Nxc6
Nxe3 9. Nxd8 Nxd1 10. Nxd1 Kxd8 11. Rb1 d6 12. Kd2 f5 13. Bd3 Rf8 14. f3 Rb8 15.
a4 fxe4 16. Bxe4 Bd7 17. b3 Bc6 18. Bd3 a5 19. h4 Rf7 20. h5 g5 21. Bxh7 Bh6 22.
Be4 g4+ 23. Ke2 gxf3+ 24. Bxf3 Bxf3+ 25. gxf3 Kd7 26. Nf2 Rh8 27. Ng4 Rfh7 28. Rbd1
Bg7 29. Rd5 b6 30. h6 Bf6 31. f4 Rf8 32. Ke3 Rg8 33. Kf3 Rf8 34. Ke4 Bh8 35. Rb5
Bd4 36. Rf5 Bf6 37. Nxf6+ exf6 38. Rb5 f5+ 39. Rxf5 Re7+ 40. Kf3 Rxf5 41. h7 Rxh7
42. Rxh7+ Kc6 43. Kg4 Rf8 44. Rh5 Rg8+ 45. Rg5 Re8 46. f5 Re4+ 47. Kh5 Re3 48. f6
Kd7 49. Kg6 Ke6 50. Kg7 Rf3 51. Rg6 Rf5 52. Rg1 Rf3 53. Re1+ Kd7 54. f7 Rg3 55. Kf8
Rxb3 56. Re7+ Kd8 57. Re8+ Kd7 58. Kg7 Rg3 59. Kh6 Rf3 60. f8=Q Rxf8 61. Rxf8 Kc6
62. Rf5  1-0

[Event "British Chess Championships 2023: Weekend Tournament Atkins"]
[Site "The Venue, De Montfort University, 20 Western Boulevard, Leicester, LE2 7BU"]
[Date "2023.07.22"]
[Round "2"]
[Board "23"]
[White "Timbrell, Matthew"]
[Black "Samarasinghe, Jude Ranga"]
[Result "0-1"]
[WhiteElo "1858"]
[BlackElo "2148"]
[PlyCount "0"]
[EventDate "2023.07.21"]
[EventRounds "5"]
[EventCountry "ENG"]

1. c4 b5 2. cxb5 a6 3. bxa6 Bxa6 4. d4 Nf6 5. g3 d5 6. Nd2 Nbd7 7. Ngf3 e6 8. e3
Bxf1 9. Kxf1 c5 10. dxc5 Bxc5 11. b3 O-O 12. Bb2 Qe7 13. Ne5 Ba3 14. Bxa3 Rxa3 15.
Nxd7 Qxd7 16. Nb1 Ra6 17. a4 Qb7 18. Nc3 d4 19. Ke2 dxc3 20. Rc1 Rc6 21. Qc2 Qa6+
22. Qd3 Qxd3+ 23. Kxd3 Nd5 24. Rhd1 Rb8  0-1

[Event "British Chess Championships 2023: Weekend Tournament Atkins"]
[Site "The Venue, De Montfort University, 20 Western Boulevard, Leicester, LE2 7BU"]
[Date "2023.07.22"]
[Round "2"]
[Board "24"]
[White "Pert, Max P"]
[Black "Phillips, David"]
[Result "0-1"]
[WhiteElo "2140"]
[BlackElo "1825"]
[PlyCount "0"]
[EventDate "2023.07.21"]
[EventRounds "5"]
[EventCountry "ENG"]

1. d4 d5 2. Nf3 Bf5 3. c4 e6 4. Nc3 Nf6 5. Bg5 c6 6. Qb3 Qb6 7. c5 Qc7 8. Bf4 Qc8
9. h3 Nbd7 10. Rc1 h6 11. e3 Be7 12. Be2 O-O 13. O-O Bd8 14. g4 Bh7 15. Bd6 Re8 16.
Ne5 Bc7 17. Bxc7 Qxc7 18. f4 Nxe5 19. fxe5 Nd7 20. Rf4 f6 21. exf6 Nxf6 22. Rcf1
e5 23. R4f3 exd4 24. exd4 Re6 25. R1f2 Rae8 26. Qd1 Be4 27. Nxe4 Nxe4 28. Rg2 Ng5
29. Rd3 Re3 30. h4 Nh3+ 31. Kh1 Nf4 32. Rxe3 Rxe3 33. Rh2 Qe7 34. Bf1 Qe4+ 35. Kg1
Rg3+  0-1

[Event "British Chess Championships 2023: Weekend Tournament Atkins"]
[Site "The Venue, De Montfort University, 20 Western Boulevard, Leicester, LE2 7BU"]
[Date "2023.07.22"]
[Round "2"]
[Board "25"]
[White "Madhavan, Sanjith"]
[Black "Simms, Jake"]
[Result "1-0"]
[WhiteElo "1987"]
[BlackElo "1810"]
[PlyCount "0"]
[EventDate "2023.07.21"]
[EventRounds "5"]
[EventCountry "ENG"]

1. e4 g6 2. d4 Bg7 3. Be3 d6 4. Nc3 a6 5. Qd2 b5 6. h4 h5 7. f3 Nf6 8. O-O-O c6 9.
Kb1 Qc7 10. g3 Nbd7 11. Nh3 Nb6 12. b3 Bxh3 13. Bxh3 c5 14. e5 Nfd5 15. Nxd5 Nxd5
16. dxc5 Nxe3 17. Qxe3 dxc5 18. f4 e6 19. Rh2 O-O 20. g4 Rad8 21. Rg1 f5 22. gxf5
gxf5 23. Rhg2 Rf7 24. Rg5 c4 25. Rxh5 c3 26. Rhg5 Rfd7 27. Rc1 Qa5 28. Rg3 Rc8 29.
Rcg1 Rcd8 30. Qxc3 Rd1+ 31. Rxd1 Rxd1+ 32. Kb2 b4 33. Qc8+ Kh7 34. a4 Bxe5+ 35. c3
Bxc3+ 36. Kc2 Rd2+ 37. Kc1 Qd8 38. Bxf5+ Kh8 39. Qxd8+ Rxd8 40. Bxe6 Bd2+ 41. Kc2
Bxf4 42. Rg2 Kh7 43. Bc4 a5 44. Bd3+ Kh6 45. Rf2 Rc8+ 46. Bc4 Bc7 47. Rf6+ Kg7 48.
Rc6  1-0

[Event "British Chess Championships 2023: Weekend Tournament Atkins"]
[Site "The Venue, De Montfort University, 20 Western Boulevard, Leicester, LE2 7BU"]
[Date "2023.07.22"]
[Round "2"]
[Board "26"]
[White "Patel, Rishi"]
[Black "Mandnikar, Atreya"]
[Result "1/2-1/2"]
[WhiteElo "2060"]
[BlackElo "1702"]
[PlyCount "0"]
[EventDate "2023.07.21"]
[EventRounds "5"]
[EventCountry "ENG"]

1. e4 c5 2. Nf3 Nc6 3. Bb5 g6 4. c3 d6 5. d4 cxd4 6. Qxd4 Nf6 7. e5 dxe5 8. Qxd8+
Kxd8 9. Bxc6 bxc6 10. Nxe5 Ke8 11. O-O Bb7 12. Be3 Nd5 13. Bd4 f6 14. Nd3  1/2-1/2

[Event "British Chess Championships 2023: Weekend Tournament Atkins"]
[Site "The Venue, De Montfort University, 20 Western Boulevard, Leicester, LE2 7BU"]
[Date "2023.07.22"]
[Round "2"]
[Board "27"]
[White "Mcgrath Williams, Joseph"]
[Black "Mitchell, R"]
[Result "0-1"]
[WhiteElo "1615"]
[BlackElo "2050"]
[PlyCount "0"]
[EventDate "2023.07.21"]
[EventRounds "5"]
[EventCountry "ENG"]

1. c4 e5 2. g3 f5 3. Bg2 Nf6 4. Nc3 d6 5. d3 c6 6. Nf3 Be7 7. O-O O-O 8. Bd2 Qe8
9. e3 Na6 10. Ne1 Nc7 11. f4 Qg6 12. Qc2 Ne6 13. Nf3 Ng4 14. Rae1 Bd7 15. Qb3 Nc5
16. Qc2 e4 17. dxe4 fxe4 18. Nd4 Qh5 19. h3 Nf6 20. f5 Rae8 21. Nce2 Nd3 22. Rd1
c5 23. Ne6 Bxe6 24. g4 Nxg4 25. hxg4 Qxg4 26. fxe6 Qxe2 27. Bxe4 Nf2 28. Bxh7+ Kh8
29. Qg6 Nh3+ 30. Kh1 Rxf1+ 31. Rxf1 Qxf1+ 32. Kh2 Rf8 33. Be1 Ng5 34. Qh5 Nf3+ 35.
Kg3 Qg1+ 36. Kh3 Qh2+  0-1

[Event "British Chess Championships 2023: Weekend Tournament Atkins"]
[Site "The Venue, De Montfort University, 20 Western Boulevard, Leicester, LE2 7BU"]
[Date "2023.07.22"]
[Round "2"]
[Board "28"]
[White "Agrawal, Shivam"]
[Black "Kairat, Alexander"]
[Result "1-0"]
[WhiteElo "2048"]
[BlackElo "1619"]
[PlyCount "0"]
[EventDate "2023.07.21"]
[EventRounds "5"]
[EventCountry "ENG"]

1. d4 Nf6 2. c4 e6 3. Nc3 d5 4. Nf3 Bd6 5. Bg5 c6 6. e3 Nbd7 7. Qc2 b6 8. a3 Bb7
9. Rc1 Rc8 10. cxd5 cxd5 11. Bd3 h6 12. Bxf6 Nxf6 13. Bb5+ Bc6 14. Qa4 Bxb5 15. Qxb5+
Qd7 16. O-O O-O 17. Qa6 Qc7 18. g3 Qd7 19. Nb5 Ra8 20. Rc2 Ne4 21. Rfc1 g6 22. Nxd6
Nxd6 23. a4 Rfc8 24. Ne5 Rxc2 25. Rxc2 Qe7 26. Rc6 Rd8 27. a5 f6 28. Nxg6 Qe8 29.
axb6 Qxg6 30. bxa7 Qb1+ 31. Kg2 Qe4+ 32. Kg1 Qb1+ 33. Qf1 Qxf1+ 34. Kxf1 Ne8 35.
Rb6 Ra8 36. Rb8 Rxa7 37. Rxe8+ Kf7 38. Rh8 Kg6 39. Rb8 Ra1+ 40. Kg2 Rb1 41. b4 Kg7
42. b5 Kf7 43. b6 Ke7 44. b7 Kd6 45. Rf8 Rxb7 46. Rxf6 Rh7 47. Rf8 Ke7 48. Ra8 Kf6
49. Kf3 Rf7 50. g4 h5 51. h3 hxg4+ 52. hxg4 Kg5+ 53. Kg3 Kf6 54. f4 Rc7 55. Kf3 Rc1
56. Ra6 Kf7 57. f5 exf5 58. gxf5 Rf1+ 59. Kg4 Re1 60. Kf4 Rf1+ 61. Ke5 Re1 62. Ra7+
Ke8 63. Ra3 Rf1 64. Kxd5 Rxf5+ 65. Ke6 Re5+ 66. dxe5 Kd8 67. Rc3 Ke8 68. Rc8#  1-0

[Event "British Chess Championships 2023: Weekend Tournament Atkins"]
[Site "The Venue, De Montfort University, 20 Western Boulevard, Leicester, LE2 7BU"]
[Date "2023.07.22"]
[Round "2"]
[Board "29"]
[White "Cockell, Tom"]
[Black "Broughton, Daniel"]
[Result "1/2-1/2"]
[WhiteElo "1557"]
[BlackElo "2013"]
[PlyCount "0"]
[EventDate "2023.07.21"]
[EventRounds "5"]
[EventCountry "ENG"]

1. e4 e6 2. Nc3 d5 3. d4 dxe4 4. Nxe4 Bd7 5. Bd3 Bc6 6. Nf3 Nd7 7. Bf4 Ngf6 8. Nxf6+
Nxf6 9. c3 Bxf3 10. Qxf3 c6 11. O-O-O Be7 12. Rhe1 Qd5 13. Qxd5 cxd5 14. Bb5+ Kd8
15. f3 a6 16. Bd3 b5 17. Kb1 Kd7 18. Re2 Rhc8 19. Rc2 Rc6 20. Bg5 Rac8 21. Bxf6 Bxf6
22. a3 Kd6 23. f4 g6 24. Re1 h5 25. g3 Rb8 26. h3 a5 27. b4 axb4 28. axb4 Ra6 29.
Ra2 Rxa2 30. Kxa2 Bg7 31. Kb2 Kc6 32. Ra1 Rb7 33. Ra6+ Kc7 34. Ra5 Kc6 35. Ra6+ Kc7
36. Ra5 Kc6 37. Ra6+ Kc7 38. Ra1  1/2-1/2

[Event "British Chess Championships 2023: Weekend Tournament Atkins"]
[Site "The Venue, De Montfort University, 20 Western Boulevard, Leicester, LE2 7BU"]
[Date "2023.07.22"]
[Round "3"]
[Board "1"]
[White "Fowler, Hugo"]
[Black "Stubbs, Oliver"]
[Result "1/2-1/2"]
[WhiteElo "1930"]
[BlackElo "2206"]
[PlyCount "0"]
[EventDate "2023.07.21"]
[EventRounds "5"]
[EventCountry "ENG"]

1. e4 e6 2. d4 d5 3. Nd2 c5 4. Ngf3 cxd4 5. exd5 Qxd5 6. Bc4 Qd6 7. O-O Nf6 8. Nb3
Nc6 9. Nbxd4 Nxd4 10. Qxd4 Qxd4 11. Nxd4 Bd7 12. Bf4 Rc8 13. Bb3 Bc5 14. c3 O-O 15.
Rad1 Rfd8 16. Rfe1 h6 17. h3 b5 18. a3 a5 19. Be5 Nh7 20. Re2 Nf8 21. Bg3 Be8 22.
Red2 Be7 23. Kf1 Bf6 24. Kg1 g6 25. Kh1 h5 26. Kg1 Rd7 27. Nf3 Rxd2 28. Rxd2 Nd7
29. Bc2 Nb6 30. Bb3 Bc6 31. Nd4 Bxd4 32. Rxd4 a4 33. Bd1 Nc4 34. Be2 Bd5 35. Bxc4
 1/2-1/2

[Event "British Chess Championships 2023: Weekend Tournament Atkins"]
[Site "The Venue, De Montfort University, 20 Western Boulevard, Leicester, LE2 7BU"]
[Date "2023.07.22"]
[Round "3"]
[Board "2"]
[White "Kolani, Arjun"]
[Black "Sutton, Daniel"]
[Result "1-0"]
[WhiteElo "2171"]
[BlackElo "2057"]
[PlyCount "0"]
[EventDate "2023.07.21"]
[EventRounds "5"]
[EventCountry "ENG"]

1. e4 e5 2. Nf3 Nc6 3. Bc4 Bc5 4. c3 Nf6 5. d3 a6 6. O-O Ba7 7. Bb3 d6 8. Re1 O-O
9. h3 h6 10. Nbd2 Nh5 11. Nf1 Qf6 12. Be3 Ne7 13. d4 Nf4 14. Ng3 Neg6 15. Bc2 Re8
16. Nf5 Be6 17. g3 Nxh3+ 18. Kg2 Ne7 19. Rh1 g6 20. Nxe7+ Qxe7 21. Rxh3 Bxh3+ 22.
Kxh3 g5 23. Kg2 Qe6 24. Nh2 Qg6 25. g4 Rad8 26. Nf1 c6 27. Ng3 Bb8 28. Nf5 d5 29.
exd5 e4 30. dxc6 Qxc6 31. Qh1 Kh7 32. Qh5 Qg6 33. Rh1 Bf4 34. Qxg6+ fxg6 35. Rxh6+
Kg8 36. Bb3+  1-0

[Event "British Chess Championships 2023: Weekend Tournament Atkins"]
[Site "The Venue, De Montfort University, 20 Western Boulevard, Leicester, LE2 7BU"]
[Date "2023.07.22"]
[Round "3"]
[Board "3"]
[White "Matlak, Oleksandr"]
[Black "Guha, Chirag"]
[Result "1-0"]
[WhiteElo "2136"]
[BlackElo "1754"]
[PlyCount "0"]
[EventDate "2023.07.21"]
[EventRounds "5"]
[EventCountry "ENG"]

1. c4 e6 2. Nf3 d5 3. g3 Nf6 4. Bg2 d4 5. d3 c5 6. O-O Nc6 7. e3 Bd6 8. exd4 cxd4
9. Bg5 h6 10. Bxf6 Qxf6 11. Nbd2 Bc7 12. Qa4 O-O 13. b4 e5 14. b5 Nd8 15. c5 Bd7
16. Qb4 Rc8 17. Rfe1 Qe7 18. Nc4 Bb6 19. Rxe5 Ne6 20. Nxb6 axb6 21. Qxd4 Bxb5 22.
cxb6 Qa3 23. Qe3 Bxd3 24. Bh3 Qb2 25. Re1 Rc3 26. Qd2 Qa3 27. R5e3 Nc5 28. Ne5 Ne4
29. Rxe4 Bxe4 30. Rxe4 Rc1+ 31. Kg2 f5 32. Qd5+ Kh7 33. Re3 Qa6 34. Nd3 Rd1 35. Bxf5+
Kh8 36. Qe6 Qb5 37. Be4 Re8 38. Qg6 Kg8 39. Qh7+ Kf8 40. Rf3+ Ke7 41. Qxg7+ Kd8 42.
Qc7#  1-0

[Event "British Chess Championships 2023: Weekend Tournament Atkins"]
[Site "The Venue, De Montfort University, 20 Western Boulevard, Leicester, LE2 7BU"]
[Date "2023.07.22"]
[Round "3"]
[Board "4"]
[White "Shafi, Declan"]
[Black "Borrowdale, Graham E"]
[Result "1-0"]
[WhiteElo "2275"]
[BlackElo "2018"]
[PlyCount "0"]
[EventDate "2023.07.21"]
[EventRounds "5"]
[EventCountry "ENG"]

1. d4 e6 2. Nf3 Nf6 3. g3 b6 4. Bg2 Bb7 5. O-O Be7 6. c4 O-O 7. Nc3 Ne4 8. Nxe4 Bxe4
9. Be3 d6 10. Bh3 Bf6 11. Qd2 Bxf3 12. exf3 Nc6 13. f4 e5 14. dxe5 dxe5 15. Bg2 Qxd2
16. Bxd2 Rad8 17. Bc3 Nd4 18. fxe5 Bxe5 19. Rfe1 Bf6 20. Rad1 Ne2+ 21. Kf1 Bxc3 22.
bxc3 Nxc3 23. Rc1 Nxa2 24. Ra1 Nb4 25. Rxa7 Rd7 26. Rb1 Nd3 27. Rxb6 Re7 28. Rb1
g6 29. Bd5 Rfe8 30. Rb3 Nc5 31. Rf3 Ne6 32. h4 Kg7 33. Kg2 Rc8 34. g4 h6 35. Kg3
Nd4 36. Rd3 Ne2+ 37. Kf3 Rce8 38. Rd2 g5 39. Bc6 Nf4 40. Bxe8 Rxe8 41. hxg5 hxg5
42. Rxc7  1-0

[Event "British Chess Championships 2023: Weekend Tournament Atkins"]
[Site "The Venue, De Montfort University, 20 Western Boulevard, Leicester, LE2 7BU"]
[Date "2023.07.22"]
[Round "3"]
[Board "5"]
[White "Moore, Gerald"]
[Black "Gordon, Sean"]
[Result "1/2-1/2"]
[WhiteElo "2155"]
[BlackElo "1999"]
[PlyCount "0"]
[EventDate "2023.07.21"]
[EventRounds "5"]
[EventCountry "ENG"]

1. d4 d5 2. c4 c6 3. Nf3 Nf6 4. Nc3 e6 5. Bg5 dxc4 6. e4 b5 7. e5 h6 8. Bh4 g5 9.
Nxg5 hxg5 10. Bxg5 Be7 11. Bxf6 Bxf6 12. exf6 Qxf6 13. g3 Na6 14. Bg2 Bb7 15. Ne4
Qe7 16. O-O O-O-O 17. a4 f5 18. axb5 cxb5 19. Rxa6 Bxa6 20. Nc5 Qxc5 21. dxc5 Rxd1
22. Rxd1 b4 23. Bf1 Rd8 24. Rc1 b3 25. h4 Kc7 26. Bxc4 Bxc4 27. Rxc4 Rd2 28. h5 Rxb2
29. h6 Rd2 30. Rb4 Rd7 31. Rxb3 Rh7 32. Rd3 Rxh6 33. Rd6 f4 34. Kg2 fxg3 35. fxg3
Rh5 36. Rxe6 Rxc5 37. g4 a5 38. Kf3 Kd7 39. Ra6 Ke7  1/2-1/2

[Event "British Chess Championships 2023: Weekend Tournament Atkins"]
[Site "The Venue, De Montfort University, 20 Western Boulevard, Leicester, LE2 7BU"]
[Date "2023.07.22"]
[Round "3"]
[Board "6"]
[White "Samarakoon, Vivash"]
[Black "Fellowes, Billy"]
[Result "1-0"]
[WhiteElo "2095"]
[BlackElo "1996"]
[PlyCount "0"]
[EventDate "2023.07.21"]
[EventRounds "5"]
[EventCountry "ENG"]

1. e4 Nc6 2. d4 d5 3. e5 Bf5 4. c3 f6 5. f4 e6 6. Nf3 Nh6 7. Be2 Be7 8. O-O Qd7 9.
b4 O-O 10. a4 Kh8 11. Kh1 Qe8 12. Be3 Be4 13. Nbd2 Nf5 14. Bf2 Qg6 15. Nxe4 dxe4
16. Nh4 Qh6 17. Nxf5 exf5 18. b5 Nd8 19. Be3 fxe5 20. dxe5 Ne6 21. Qb3 Rfd8 22. Rad1
Qg6 23. Rxd8+ Rxd8 24. Rd1 Rxd1+ 25. Qxd1 Nf8 26. Bc4 c6 27. Bxa7 Qh6 28. Be3 g5
29. g3 gxf4 30. Bxf4 Bg5 31. Qd4 c5 32. Qxc5 Bxf4 33. gxf4 b6 34. Qc8 Qg7 35. Qxf5
Nd7 36. Qxe4 Qg4 37. Qa8+ Kg7 38. Qg8+ Kh6 39. Qxg4 Nf8 40. Qg5#  1-0

[Event "British Chess Championships 2023: Weekend Tournament Atkins"]
[Site "The Venue, De Montfort University, 20 Western Boulevard, Leicester, LE2 7BU"]
[Date "2023.07.22"]
[Round "3"]
[Board "7"]
[White "Gant, Chris J"]
[Black "Dias, Savin"]
[Result "1-0"]
[WhiteElo "2058"]
[BlackElo "2070"]
[PlyCount "0"]
[EventDate "2023.07.21"]
[EventRounds "5"]
[EventCountry "ENG"]

1. d4 Nf6 2. c4 e6 3. Nc3 Bb4 4. e3 O-O 5. Bd3 b6 6. Nge2 Bb7 7. O-O d5 8. a3 Be7
9. Ng3 dxc4 10. Bxc4 c5 11. dxc5 Bxc5 12. b4 Bd6 13. Bb2 Nc6 14. Qe2 Rc8 15. Rfd1
Qe7 16. Rac1 Ne5 17. Ba2 Bb8 18. f4 Ng6 19. Bb1 Nd7 20. Be4 Bxe4 21. Ncxe4 f5 22.
Ng5 Rxc1 23. Rxc1 Bxf4 24. exf4 Nxf4 25. Qd2 Qxg5 26. Qxd7 Rd8 27. Rc8 Rxc8 28. Qxc8+
Kf7 29. Qd7+ Kf8 30. Qc8+ Ke7 31. Bc1 e5 32. Bxf4 Qxf4 33. Qxf5 Qd4+ 34. Kf1 g6 35.
Qe4 Qa1+ 36. Kf2 Kd6 37. Qd3+ Ke6 38. Ne4 Qb2+ 39. Kg3 h5 40. h4 Qc1 41. Ng5+ Ke7
42. Qf3 Qe1+ 43. Qf2 Qc3+ 44. Kh2 Kd6 45. Ne4+  1-0

[Event "British Chess Championships 2023: Weekend Tournament Atkins"]
[Site "The Venue, De Montfort University, 20 Western Boulevard, Leicester, LE2 7BU"]
[Date "2023.07.22"]
[Round "3"]
[Board "8"]
[White "Cordova Lopez, Diego Anton"]
[Black "Homer, Stephen J"]
[Result "0-1"]
[WhiteElo "2048"]
[BlackElo "2062"]
[PlyCount "0"]
[EventDate "2023.07.21"]
[EventRounds "5"]
[EventCountry "ENG"]

1. e4 c5 2. Nf3 d6 3. d4 cxd4 4. Nxd4 Nf6 5. Nc3 a6 6. h3 e5 7. Nde2 h5 8. g3 Nbd7
9. Bg2 Be7 10. Be3 b6 11. O-O Bb7 12. Nd5 Nxd5 13. exd5 Bg5 14. f4 Bf6 15. fxe5 Bxe5
16. Nd4 O-O 17. Nc6 Bxc6 18. dxc6 Nf6 19. c7 Qxc7 20. Bxa8 Rxa8 21. Qf3 Rc8 22. c3
Qd7 23. Kg2 Qb5 24. Rf2 h4 25. g4 Bg3 26. Rd2 Re8 27. Rf1 Re7 28. Bf2 Ne4 29. Re2
d5 30. Bxg3 hxg3 31. Rc2 Qc6 32. Rd1 Re6 33. Qf5 d4 34. Rxd4 Nd2+ 35. Qd5 Re2+ 36.
Kh1 g2+ 37. Kg1 Nf3+ 38. Qxf3 Qxf3 39. Rxe2 Qf1+  0-1

[Event "British Chess Championships 2023: Weekend Tournament Atkins"]
[Site "The Venue, De Montfort University, 20 Western Boulevard, Leicester, LE2 7BU"]
[Date "2023.07.22"]
[Round "3"]
[Board "9"]
[White "Chopra, Manmay"]
[Black "Obi, Okwose Marc"]
[Result "1/2-1/2"]
[WhiteElo "2061"]
[BlackElo "1965"]
[PlyCount "0"]
[EventDate "2023.07.21"]
[EventRounds "5"]
[EventCountry "ENG"]

1. e4 d6 2. d4 Nf6 3. Nc3 c6 4. a4 Qa5 5. Bd2 e5 6. Nd5 Qd8 7. Nxf6+ Qxf6 8. Bc3
Be7 9. g3 Nd7 10. Bg2 Bd8 11. Ne2 O-O 12. O-O Bc7 13. Kh1 Qe7 14. Qd3 Nf6 15. Rae1
Bd7 16. f4 Rad8 17. Bd2 h6 18. c4 Rfe8 19. h3 Bc8 20. fxe5 dxe5 21. d5 a5 22. Qf3
Nd7 23. Be3 f6 24. Bd2 Nc5 25. Qa3 Na6 26. Qxe7 Rxe7 27. Be3 c5 28. g4 b6 29. Bd2
Bd6 30. b3 Nb4 31. Bxb4 cxb4 32. Ng3 Bd7 33. Rf3 Rf8 34. Ref1 Ree8  1/2-1/2

[Event "British Chess Championships 2023: Weekend Tournament Atkins"]
[Site "The Venue, De Montfort University, 20 Western Boulevard, Leicester, LE2 7BU"]
[Date "2023.07.22"]
[Round "3"]
[Board "10"]
[White "Munshi, Aryan"]
[Black "Zhu, Yaoyao"]
[Result "1/2-1/2"]
[WhiteElo "1454"]
[BlackElo "2059"]
[PlyCount "0"]
[EventDate "2023.07.21"]
[EventRounds "5"]
[EventCountry "ENG"]

1. d4 d5 2. c4 e6 3. g3 Nf6 4. Bg2 Bb4+ 5. Bd2 Bd6 6. Nf3 c6 7. Qc2 Nbd7 8. O-O O-O
9. b3 Ne4 10. Nc3 f5 11. Bf4 Be7 12. Ne5 Ndf6 13. f3 Nxc3 14. Qxc3 Bd7 15. Rad1 Be8
16. Bg5 Ne4 17. fxe4 Bxg5 18. exd5 exd5 19. cxd5 cxd5 20. Qc5 Bh5 21. Qxd5+ Kh8 22.
Qxd8 Raxd8 23. Kf2 b6 24. Bf3 Be8 25. e3 Bf6 26. Nd3 Bb5 27. Be2 Rfe8 28. Nf4 Bc6
29. Rc1 Rd6 30. Bf3 Bb5 31. Be2 Bc6 32. h4 g6 33. Rfd1 Kg7 34. d5 Bb7 35. Bf3 Re7
36. Rc2 h6 37. Rcd2 Kf7 38. Ne6 Bc8 39. Nd4 a6 40. Nc6 Red7 41. h5 Bb7 42. hxg6+
Kxg6 43. Nb4 Bc3 44. Nd3 Bxd2 45. Ne5+ Kf6 46. Nxd7+ Rxd7 47. Rxd2 Ke5  1/2-1/2